LEADER 00801nam0-2200277 --450 001 9911068224503321 005 20260318145335.0 010 $a9781108832489$brilegato 010 $a9781108958486$bbrossura 100 $a20260318d2022----kmuy0itay5050 ba 101 0 $aeng 102 $aGB 105 $a 001yy 200 1 $aIntroducing morphology$fRochelle Lieber 205 $a3 ed 210 $aCambridge$cCambridge University Press$d2022 215 $axi, 277 p.$d25 cm 225 1 $aCambridge introductions to language and linguistics 700 1$aLieber,$bRochelle$0498692 801 0$aIT$bUNINA$gREICAT$2UNIMARC 901 $aBK 912 $a9911068224503321 952 $a415.9 LIEB 01$b2026/640$fFLFBC 959 $aFLFBC 996 $aIntroducing morphology$94551966 997 $aUNINA